| 000 | 00544nam a2200193Ia 4500 | ||
|---|---|---|---|
| 003 | GCL | ||
| 008 | 140319s9999 xx 000 0 ara d | ||
| 040 |
_aGCL / _cGCL |
||
| 082 | 0 | 4 |
_a923.1 _bو ز |
| 100 | 1 | _aوجيه ابوذكرى | |
| 245 | 1 | 0 |
_aزايد عن قرب / _cوجيه ابوذكرى |
| 700 | 1 | _aابراهيم سعده | |
| 300 | _a231 ص | ||
| 490 |
_aكتاب اليوم _v0 |
||
| 650 | 0 | 4 | _aالتراجم |
| 650 | 0 | 4 | _aزايد بن سلطان ال نهيان |
| 650 | 0 | 4 | _aالرؤساء - تراجم |
| 942 |
_2ddc _cBK |
||
| 999 |
_c52309 _d52309 |
||